00550nam a22001457a 4500003001100000008004100011040003900052041000800091082001600099111008400115245009500199260004700294300001000341650005300351LK-CoMWRAF240527b |||||||| |||| 00| 0 eng d aLK-CoMWRAFdLK-CoMWRAFeLK-CoMWRAF aeng a303.69bHUM aHUMANITARIAN ISSUES OF INTERNALLY DISPLACED PERSONSc(Colombod8th August 2006) aProceedings of the panel discussion on humanitarian issues of internally displaced persons aColombo:bCouncil for public policy,c2006 a47 p. aINTERNALLY DISPLACED PEOPLE-Congresses-Sri Lanka